Computer architecture and parallel processing (Record no. 1347)

MARC details
000 -LEADER
fixed length control field 00338nam a2200133Ia 4500
008 - FIXED-LENGTH DATA ELEMENTS--GENERAL INFORMATION
fixed length control field 191201s2007 xx 000 0 und d
082 ## - DEWEY DECIMAL CLASSIFICATION NUMBER
Classification number 004.22
Item number HSC
100 ## - MAIN ENTRY--PERSONAL NAME
Personal name HWANG, Kai
245 #0 - TITLE STATEMENT
Title Computer architecture and parallel processing
260 ## - PUBLICATION, DISTRIBUTION, ETC. (IMPRINT)
Place of publication, distribution, etc N.Delhi
Name of publisher, distributor, etc McGraw Hill
Date of publication, distribution, etc 2007
300 ## - PHYSICAL DESCRIPTION
Extent 846
650 ## - SUBJECT ADDED ENTRY--TOPICAL TERM
Topical term or geographic name as entry element B.Tech(CSE)
942 ## - ADDED ENTRY ELEMENTS (KOHA)
Source of classification or shelving scheme Dewey Decimal Classification
Koha item type Text Books
Holdings
Withdrawn status Lost status Source of classification or shelving scheme Damaged status Not for loan Collection code Home library Current library Date acquired Source of acquisition Cost, normal purchase price Bill Number Total Checkouts Full call number Acc. no. / Barcode Date last seen Date last borrowed Bill Date Koha item type
    Dewey Decimal Classification     B.Tech(CSE) PIET C-LIBRARY PIET C-LIBRARY 15/08/2006 M/s UBS, Delhi 375.00 125382 1 004.22 HWC 2101 23/03/2022 21/10/2021 18/08/2008 Text Books
    Dewey Decimal Classification     B.Tech(CSE) PIET C-LIBRARY PIET C-LIBRARY 15/08/2006 M/s UBS, Delhi 375.00 125382   004.22 HWC 2102 04/12/2019   18/08/2008 Text Books
    Dewey Decimal Classification     B.Tech(CSE) PIET C-LIBRARY PIET C-LIBRARY 15/08/2006 M/s UBS, Delhi 375.00 125382   004.22 HWC 2103 04/12/2019   18/08/2008 Text Books
    Dewey Decimal Classification     B.Tech(CSE) PIET C-LIBRARY PIET C-LIBRARY 15/08/2006 M/s UBS, Delhi 375.00 125382 2 004.22 HWC 2104 26/10/2021 21/10/2021 18/08/2008 Text Books

Design & Developed by: PIET Central Library
R70 Miles Stone Pattikalyana Samalkha Panipat 132102
mail ID :- [email protected], Phone No:- 0180-2569700 Ex.216